| 000 | 00394cam a2200157ua 4500 | ||
|---|---|---|---|
| 003 | OSt | ||
| 008 | 240321b |||||||| |||| 00| 0 eng d | ||
| 041 | _aeng | ||
| 082 |
_a624 _bING/LA |
||
| 100 |
_aIngels, Jack E . _96160 |
||
| 245 | _aLandscaping: principles and practices / | ||
| 250 | _a4 / | ||
| 260 |
_aNew York : _bDelmar Publishers Inc. , _c1992. |
||
| 300 | _a401 p. | ||
| 942 | _cBK | ||
| 999 |
_c13192 _d13192 |
||